How to arrange and write-up a stamp collection (Record no. 1898)

000 -LEADER
fixed length control field 00399nam a22001217a 4500
008 - FIXED-LENGTH DATA ELEMENTS--GENERAL INFORMATION
fixed length control field 160416b xxu||||| |||| 00| 0 eng d
100 ## - MAIN ENTRY--AUTHOR'S NAME
Author's Name Phillips, Stanley
245 ## - TITLE STATEMENT
Title How to arrange and write-up a stamp collection
250 ## - EDITION STATEMENT
Linkage 2nd Ed.
260 ## - PUBLICATION, DISTRIBUTION, ETC. (IMPRINT)
Place of publication, distribution, etc. London
Name of publisher, distributor, etc. Stanley Gibbons, Ltd.
Date of publication, distribution, etc. 1946
650 ## - TOPICAL TERM (Tag)
Topical term or geographic name Collecting -- Guides and Handbooks | Collecting -- Arrangement and Mounting
700 ## - SECONDARY AUTHOR, EDITOR OR ILLUSTRATOR
Personal Name Rang, C. P.
Holdings
Withdrawn status Lost status Source of classification or shelving scheme Damaged status Koha normalized classification for sorting Not for loan Permanent Location Current Location Date acquired Total Checkouts Full call number Barcode Date last seen Price effective from
        G3201 E96 P5581   Northern Philatelic Library Northern Philatelic Library 04/16/2016   G3201 E96 P5581 1002203 04/15/2017 04/16/2016

Powered by Koha